[Event "Nutcracker Men Classic 2017"]
[Site "Moscow"]
[Date "2017.12.21"]
[Round "3"]
[White "Rublevsky, Sergei"]
[Black "Esipenko, Andrey"]
[Result "0-1"]
[WhiteElo "2683"]
[BlackElo "2564"]
[Annotator "EE"]
[PlyCount "124"]
[EventDate "2017.??.??"]
[EventCountry "RUS"]
[Source "ChessBase"]

1. e4 c6 2. d4 d5 3. e5 Bf5 4. Nd2 e6 5. Nb3 Nd7 6. Nf3 a6 7. Be2 c5 8. c3 c4
9. Nbd2 h6 10. Nf1 Ne7 11. Ng3 Bg6 12. O-O Nf5 13. Nxf5 Bxf5 14. Ne1 Be7 15.
Bg4 Bxg4 16. Qxg4 g6 17. Nf3 Nb8 18. b3 b5 19. bxc4 bxc4 20. h4 Kd7 $5 21. Rb1
Kc7 22. Qf4 Qg8 23. Qd2 Nc6 24. Qc2 g5 25. h5 $1 Qg7 26. Qa4 g4 27. Nh2 g3 $6
28. fxg3 Qxg3 29. Rxf7 $6 (29. Ba3 $1) 29... Qe1+ $1 30. Nf1 (30. Rf1 $2 Qxc3
$19) 30... Rhf8 $1 31. Rxe7+ $1 (31. Rxf8 $2 Rxf8 $19) 31... Nxe7 32. Qa5+ Kd7
33. Rb7+ Ke8 34. Qa4+ Kf7 35. Qd7 Rae8 36. Bxh6 Rg8 $2 (36... Qxc3 $1 37. Bxf8
Qxd4+ 38. Kh1 Qh4+ 39. Kg1 Qd4+ $11 (39... Rxf8 $5)) 37. Rb2 $1 {[%csl Rf7]
[%cal Yb2f2,Yf2f7]} Rd8 38. Qa7 Ra8 39. Qc5 Rac8 40. Qa3 Qh4 41. Rf2+ Ke8 $6 (
41... Nf5 $5 42. Ne3 Rb8 43. Rf1 Qxh5 44. Qd6 Qxh6 45. Qd7+ Kg6 46. Qxe6+ Kh7
47. Qxf5+ Rg6 48. Nxd5 $18) 42. Qxa6 Qxh5 43. Qb5+ $6 (43. Bc1 $1 $18 {[%csl
Ga6,Gc1,Re6,Gf2][%cal Yc1a3,Ya3d6,Yf2f6,Yf6e6,Ya6e6]} Rh8 44. Rf6 Rc6 45. Qb7
Qh1+ 46. Kf2) 43... Rc6 $1 44. Bc1 Rh8 45. Rf6 Qh1+ 46. Kf2 Rg8 (46... Qh4+ 47.
g3 (47. Ke2 Qe4+ 48. Ne3 Rh2 49. Qb8+ Rc8 50. Qb5+ Rc6 $11) 47... Qh7 {[%cal
Yh7c2]}) 47. g3 Qh7 48. Ba3 (48. Qa4) 48... Qc2+ 49. Kg1 Qxc3 50. Bxe7 Qxd4+
51. Rf2 $6 Qb6 $3 52. Qxb6 Rxb6 53. Bh4 (53. Bc5) 53... c3 54. Rc2 d4 55. Kf2
Rb2 56. Rxb2 cxb2 57. Nd2 Kd7 58. Ke2 Rc8 59. Kd3 Rc1 60. Bg5 Kc6 61. Kxd4 Rd1
62. Kc3 Rxd2 0-1

[Event "Tradewise Gibraltar"]
[Site "Catalan Bay GIB"]
[Date "2017.01.28"]
[Round "7.20"]
[White "Ider, Borya"]
[Black "Hou, Yifan"]
[Result "0-1"]
[WhiteElo "2463"]
[BlackElo "2651"]
[Annotator "Ravot,Sylvain"]
[PlyCount "104"]
[EventDate "2017.01.24"]
[Source "ChessBase"]

1. d4 Nf6 2. Nf3 b6 3. Bf4 Bb7 4. e3 g6 5. h3 Bg7 6. Be2 d6 7. c4 Nbd7 8. Nc3
O-O 9. O-O e6 10. Qc2 Nh5 11. Bh2 f5 12. d5 e5 13. g4 fxg4 14. hxg4 Nhf6 15.
Ng5 {Diagramme [#]} Nxd5 $3 {Fantastique !} 16. Ne6 Nxc3 $1 {Sacrifice de Dame
!} 17. Nxd8 (17. Qxc3 Qh4 18. Nxf8 (18. f3 Bxf3 $1 19. Bxf3 Rxf3 20. Rxf3 Qxg4+
21. Rg3 Qxe6 $17) 18... Rxf8 19. f3 e4 $1 $19) 17... Nxe2+ 18. Qxe2 Bf3 $1 {
Fort coup intermédiaire} 19. Qd3 Nc5 $1 {Et encore un !} 20. Qa3 Rfxd8 21. e4
Rf8 $1 (21... Bxe4 22. f3) 22. Rae1 Bh6 $1 23. b4 Ne6 24. c5 {cherche à ouvrir
des colonnes} Nd4 25. Qd3 b5 26. Bg3 Bg5 27. a4 a6 28. Qa3 Bxg4 29. Rd1 {Veut
se débarraser du Fg4 ou du Cd4.} Nf3+ $1 {Mais Hou Yifan veut garder ses
fortes pièces mineures !} 30. Kg2 dxc5 31. bxc5 {Que jouer ?} h5 $1 {Le pion
vient en renforts !} 32. Qa2+ Kh7 33. Qd5 Rae8 34. Qc6 Re7 35. Rd3 h4 36. Bh2
bxa4 37. Qxa4 Kh6 38. Qa3 Ref7 39. Qb2 Re7 40. c6 a5 41. Rb3 Kg7 42. Rb5 h3+
43. Kh1 Nxh2 44. Rxe5 (44. Kxh2 Bf4+ 45. Kg1 Bf3 {mène au mat}) 44... Bf3+ 45.
Kg1 Nxf1 $3 {Laisse la Te7 sur échec double !} 46. Rxe7+ Kh6 47. Qg7+ Kh5 48.
Qh7+ (48. Qxf8 h2+ 49. Kxf1 h1=Q#) 48... Kg4 {Le Roi noir est bien sécurisé
ici !} 49. Re8 (49. Kxf1 Rb8 $1 $19) 49... Rxe8 50. Qd7+ Kh4 51. Kxf1 Rd8 52.
Qh7+ Kg4 {Magnifique démonstration de la meilleure joueuse du monde !} 0-1

[Event "5th Sinquefield Cup 2017 GCT"]
[Site "Saint Louis"]
[Date "2017.08.05"]
[Round "5"]
[White "Anand, Viswanathan"]
[Black "Caruana, Fabiano"]
[Result "1-0"]
[WhiteElo "2783"]
[BlackElo "2807"]
[PlyCount "57"]
[EventDate "2017.??.??"]
[EventCountry "USA"]
[Source "ChessBase"]

1. c4 e5 2. Nc3 Nf6 3. Nf3 Nc6 4. g3 d5 5. cxd5 Nxd5 6. Bg2 Bc5 7. O-O O-O 8.
d3 Bb6 9. Bd2 Bg4 10. Rc1 Nxc3 11. Bxc3 Re8 12. b4 Qd6 13. Nd2 Qh6 14. Nc4 Qh5
15. Rc2 Rad8 16. Nxb6 cxb6 17. f3 Be6 18. Qd2 b5 19. f4 Bg4 20. Bxc6 bxc6 21.
fxe5 f6 22. exf6 Rxe2 23. f7+ Kf8 24. Bxg7+ $3 Kxg7 25. Qc3+ Re5 $4 (25... Qe5
$5 26. Rxe2 Qxc3 27. Re8 Qd4+ 28. Rf2 Qxb4 29. f8=Q+ Qxf8 30. Rfxf8 Rxd3 31.
Rg8+ Kf7 32. Rd8 Rxd8 33. Rxd8) 26. Qd4 $1 Qg5 (26... Rxd4 27. f8=Q+ Kg6 28.
Qf6#) 27. Rc5 Rxd4 28. f8=Q+ Kg6 29. Qf7+ (29. Qf7+ Kh6 30. Rf6+ Qg6 31. Qf8+
Kh5 32. Rxe5+ Bf5 33. Rfxf5+ Kg4 34. Rf4+ Rxf4 35. Qxf4+ Kh3 36. Qh4#) 1-0

[Event "5th Sinquefield Cup 2017 GCT"]
[Site "Saint Louis"]
[Date "2017.08.04"]
[Round "4"]
[White "Carlsen, Magnus"]
[Black "Vachier-Lagrave, Maxime"]
[Result "0-1"]
[WhiteElo "2822"]
[BlackElo "2789"]
[Annotator "EE"]
[PlyCount "142"]
[EventDate "2017.??.??"]
[EventCountry "USA"]
[Source "ChessBase"]

1. Nf3 Nf6 2. c4 c5 3. Nc3 d5 4. cxd5 Nxd5 5. e3 Nxc3 6. dxc3 Qxd1+ 7. Kxd1 Bf5
8. Nd2 Nc6 9. e4 Bg6 10. Bb5 Rc8 11. h4 h5 12. Re1 e6 13. a4 Be7 14. g3 O-O 15.
a5 Rfd8 16. a6 b6 17. Kc2 Ne5 {[%csl Ya1,Yc1,Yd3,Ge5,Yf3,Yg4][%cal Yc5c4,Ye5d3,
Yd3f2,Yd3e1]} 18. f4 Ng4 {[%csl Yf4,Yg3,Gg4,Yh4][%cal Yc5c4,Ye7c5,Yc5f2,Yf2e1,
Yf2g3,Yg3h4,Yg3f4]} 19. Kb3 f6 $15 {1h00-0h44} 20. Nc4 Nf2 21. e5 Ne4 {
0h49-0h42} 22. Be3 Bf5 23. Rg1 Rd5 24. Rae1 Kf7 25. Bc1 Bh7 26. Re3 Rcd8 27.
Bc6 Nf2 $1 28. Re2 Nd3 (28... Ng4 29. Bxd5 exd5 30. Nd6+ Bxd6 31. exd6 Rxd6 $44
) 29. exf6 gxf6 30. Bb5 (30. Bxd5 $6 Rxd5 31. Rh2 b5 32. Na3 c4+ 33. Ka2 b4 34.
Nxc4 bxc3 35. bxc3 Nxc1+ 36. Rxc1 Bd3 $11) 30... Rg8 31. Bd2 Rgd8 32. Be3 Be4
33. Rd2 Rg8 34. Ka4 Rgd8 35. Kb3 Rg8 36. Ka2 f5 37. Rh2 {0h09-0h04} Rc8 38. Rd2
Rg8 39. Re2 Bf3 40. Rh2 Bf6 $5 41. Nd2 Bg4 $6 (41... Rc8 $3 42. Nxf3 c4 43.
Bxc4 (43. Ba4 $2 Ra5 $17) 43... Rxc4 44. Kb1 Nxb2 (44... e5 45. fxe5 Nxe5 46.
Nxe5+ Bxe5 $14 47. Rf2 Kg6) 45. Rxb2 Rxc3 46. Re1 Ra3 47. Ne5+ Bxe5 48. fxe5
Rxe5 49. Bd2 Rxe1+ 50. Bxe1 Rxa6 $13) 42. Rf1 $1 Rgd8 43. Nc4 e5 44. fxe5 Bxe5
$6 (44... Nxe5 45. Bf4 Kg7 46. Ne3 c4 47. Nxd5 Rxd5 48. Bxe5 Bxe5 49. Bxc4 Ra5+
50. Kb1 Bxg3 51. Rd2 $16) 45. Bg5 Bxg3 46. Rg2 $6 (46. Rd2 $1 $18) 46... Bh3 $1
47. Rxg3 Bxf1 48. Rf3 $2 (48. Bxd8 Rxd8 49. Rf3 Be2 50. Rxf5+ Kg6 51. Rg5+ Kf6
$13) 48... Be2 $1 $17 49. Bxd8 (49. Re3 $6 f4 $3 {Le coup raté par Magnus
Carlsen.} 50. Rxe2 $2 Nc1+ $19 {[%csl Ra2,Re2][%cal Yc1a2,Yc1e2]}) 49... Bxf3
50. Bxb6 (50. Bc7 $5 f4 51. Bb8 Be2 52. Bxa7 $6 f3 $19) 50... axb6 51. Bc6 Be4
52. a7 Rd8 53. Nd6+ Rxd6 54. Bxe4 Rd8 55. a8=Q Rxa8+ 56. Bxa8 Ne5 57. Kb3 f4
58. Kc2 Kg7 59. Kd2 Ng6 60. Kd3 Nxh4 61. Ke4 f3 $6 {MVL se relâche} (61... Ng6
$1 $19) 62. Ke3 Kf6 63. b4 c4 $3 {mais se reprend superbement avec ce coup
gagnant !!} ({Analyses du GMI Éric Prié :} 63... Kf5 $2 64. bxc5 bxc5 65. Bd5
Kg4 66. Kf2 Kf4 67. Bf7 Nf5 68. Bxh5 Nd6 69. Bxf3 Ne4+ 70. Ke2 (70. Bxe4 $2
Kxe4 71. Ke2 c4 72. Kd2 Kf3 73. Kc2 Ke2 74. Kc1 Kd3 75. Kb2 Kd2 76. Kb1 Kxc3
77. Kc1 Kd3 78. Kd1 c3 79. Kc1 c2 80. Kb2 Kd2 $19) 70... Nxc3+ 71. Kd3 $11) (
63... cxb4 $2 64. cxb4 Kf5 65. Bc6 Kg4 66. Kf2 Kf4 67. b5 {[%csl Yb6,Yf3,Yf4,
Yh4,Yh5]} Nf5 68. Bxf3 Nd4 69. Bxh5 Nxb5 70. Be8 Nd6 71. Ba4 Ne4+ 72. Ke1 Ke3
73. Bc6 Nc3 74. Bd7 Kd4 75. Kd2 Ne4+ 76. Kc2 $11 {[%cal Rb6b5,Yd7b5]}) 64. Bd5
Kf5 65. Bxc4 Kg4 66. Kf2 Ng6 67. Be6+ Kf4 68. Bf7 Ne5 69. Bxh5 Nd3+ 70. Kf1 Kg3
$5 (70... Ke3 $1 71. Bg4 Nf2 72. Bc8 Ne4 73. Ba6 Nxc3 $19) 71. Bf7 Nf2 $1 {
Quelle partie !} (71... Nf2 72. Ke1 (72. Bc4 Ne4 73. Bd3 Nxc3 74. Ke1 f2+ 75.
Kd2 Nd5 76. b5 Nc7 77. Ke3 Kg2 78. Be2 f1=Q 79. Bxf1+ Kxf1 80. Kd3 Nxb5 $19)
72... Ne4 73. Bc4 f2+ 74. Ke2 (74. Kf1 $6 Nd2+ 75. Ke2 f1=Q+ 76. Kxd2 Qxc4)
74... Nxc3+ 75. Kd2 Nd5 76. b5 Kh2 77. Ke2 f1=Q+ 78. Kxf1 Ne3+ 79. Ke2 Nxc4 80.
Kd3 Nd6) 0-1

[Event "18th Karpov Poikovsky 2017"]
[Site "Poikovsky"]
[Date "2017.04.20"]
[Round "3"]
[White "Sutovsky, Emil"]
[Black "Najer, Evgeniy"]
[Result "1-0"]
[WhiteElo "2650"]
[BlackElo "2679"]
[Annotator "Ravot,Sylvain"]
[PlyCount "69"]
[EventDate "2017.??.??"]
[EventCountry "RUS"]
[Source "ChessBase"]

1. e4 c5 2. Nf3 d6 3. d4 cxd4 4. Nxd4 Nf6 5. Nc3 a6 6. Bg5 e6 7. f4 Qc7 8. Bxf6
gxf6 9. Be2 Nc6 10. Qd3 Nxd4 11. Qxd4 Qc5 12. Qd3 Bd7 13. O-O-O Rc8 14. Kb1 b5
15. a3 h5 16. f5 b4 17. axb4 Qxb4 18. fxe6 fxe6 19. e5 $1 {Le spectacle
commence !} f5 (19... fxe5 20. Qg6+ Ke7 21. Rhf1 $18) 20. Qg3 Kf7 21. Qg5 Rb8 (
21... Be7 22. Bxh5+) 22. Nb5 $3 Rxb5 (22... Bxb5 23. Qf6+ Kg8 24. Qxe6+ Kg7 25.
Qf6+ Kg8 26. Qg6+ Bg7 27. Qe6+ Kf8 28. Qxf5+ Kg8 29. Qe6+ Kh7 $11) 23. Qf6+ Kg8
24. Bxb5 Qxb5 25. Rd3 Rh7 26. Rhd1 h4 (26... d5) (26... Rg7) 27. exd6 Qc6 28.
Rc3 (28. g4 $1) 28... Qxg2 29. Rc7 Qg7 $2 {Les Noirs craquent mais ils étaient
sous grosse pression depuis un moment.} (29... Qg4 $1 30. Re1 Rf7 31. Qd8 Qg7
$13 {barricade !}) 30. Qd8 $18 {Totalement gagnant.} f4 31. Rxd7 $1 Qg4 (31...
Qxd7 32. Rg1+) 32. Rc1 Rxd7 33. Qxd7 f3 34. Qe8 f2 35. d7 1-0

[Event "18th Karpov Poikovsky 2017"]
[Site "Poikovsky"]
[Date "2017.04.23"]
[Round "5"]
[White "Sutovsky, Emil"]
[Black "Bologan, Victor"]
[Result "1-0"]
[WhiteElo "2650"]
[BlackElo "2640"]
[Annotator "Ravot,Sylvain"]
[PlyCount "93"]
[EventDate "2017.??.??"]
[EventCountry "RUS"]
[Source "ChessBase"]

1. e4 e5 2. Nf3 Nc6 3. Bb5 a6 4. Ba4 Nf6 5. O-O Be7 6. Re1 b5 7. Bb3 d6 8. c3
O-O 9. h3 Bb7 10. d4 Nd7 11. a4 Na5 12. Bc2 c5 13. d5 c4 14. Be3 Qb8 15. Nbd2
Bc8 16. axb5 axb5 17. Ra3 Nb7 18. Qa1 Rxa3 19. bxa3 f5 20. exf5 Nf6 21. a4 Nxd5
22. axb5 Nxe3 23. Rxe3 Nc5 24. Qb1 Bd7 25. b6 Qb7 26. Nxc4 Qd5 27. Ncxe5 $3
dxe5 28. Rxe5 Qd6 29. f6 $1 Bxf6 30. Bxh7+ Kh8 31. Rh5 Be8 32. Bg6+ Kg8 33.
Bh7+ Kh8 34. Bg6+ Kg8 35. Bxe8 $1 Rxe8 36. b7 Rb8 37. Qg6 $2 (37. Ng5 $1 Bxg5
38. Qh7+ Kf7 39. Rxg5 $18) 37... Ne6 $2 (37... Nxb7 $1 $11) 38. Qe4 Qb6 (38...
Qd1+ $142) 39. c4 Nc7 40. Ng5 Bxg5 41. Qh7+ Kf7 42. Rxg5 Ne8 43. Qf5+ Kg8 (
43... Nf6 44. Qg6+ Ke6 45. Rb5 Qc7 46. Rb1 $18) 44. Qd5+ Kf8 (44... Kh7 45.
Rh5+ Kg6 46. Qf5#) 45. Rh5 $18 {il n'y a aucune défense !} Qb1+ 46. Kh2 Qxb7
47. Qe6 $1 1-0

[Event "21st European Teams"]
[Site "Hersonissos GRE"]
[Date "2017.11.05"]
[Round "8.1"]
[White "Grischuk, A."]
[Black "Mamedyarov, Shakhriyar"]
[Result "0-1"]
[WhiteElo "2785"]
[BlackElo "2791"]
[Annotator "Ravot,Sylvain"]
[PlyCount "72"]
[EventDate "2017.10.28"]
[Source "ChessBase"]
[WhiteTeam "Russia"]
[BlackTeam "Azerbaijan"]
[WhiteTeamCountry "RUS"]
[BlackTeamCountry "AZE"]

1. e4 e5 2. Nf3 Nc6 3. Bb5 a6 4. Ba4 d6 5. O-O Bd7 6. Re1 g5 $5 {Un coup ultra
agressif, dans une partie par équipes à grand enjeu.} 7. Bxc6 bxc6 8. d4 {
Attaque à l'aile : réaction au centre.} g4 9. Nfd2 exd4 10. Nb3 Ne7 11. Nxd4
Bg7 12. Nc3 O-O 13. Bg5 f6 14. Be3 Qe8 15. Qd3 Qf7 16. Qd2 Qg6 17. Bf4 h5 18.
b4 h4 19. a4 Qh5 20. Be3 h3 21. Nce2 (21. g3 f5 $15) 21... hxg2 22. Nf4 Qh7 23.
Nfe6 Bxe6 24. Nxe6 Ng6 $1 {Sacrifie la qualité} 25. Nxf8 Rxf8 26. Bf4 f5 27.
exf5 Nh4 28. Ra3 (28. Qd3 $142) 28... Qxf5 29. Bg5 Nf3+ 30. Rxf3 gxf3 {Le pion
g2 passé protégé est montrueux. Les finales sont excellentes pour les Noirs,
et cela crée aussi des réseaux de mat.} 31. Bh6 Qd5 32. Qc1 $2 (32. Qe3 Bd4 33.
Qe7 $13) 32... Bc3 33. Re3 Bd4 34. Rd3 Re8 35. c3 {Comment terminer ?} (35. Be3
Bxe3 36. Rxe3 Rxe3 37. fxe3 Qc4 38. Qe1 Qe2 $19) 35... Bxf2+ $1 36. Kxf2 Re2+ (
36... Re2+ 37. Kg1 (37. Kg3 g1=Q+ (37... Qxd3 38. Qg5+ Kf7 39. Qg7+ Ke8 $19)
38. Qxg1 Qxd3 $19) 37... f2#) 0-1

[Event "4th Shamkir Chess 2017"]
[Site "Shamkir"]
[Date "2017.04.29"]
[Round "8"]
[White "Wojtaszek, Radoslaw"]
[Black "Mamedyarov, Shakhriyar"]
[Result "1-0"]
[WhiteElo "2745"]
[BlackElo "2772"]
[Annotator "EE"]
[PlyCount "61"]
[EventDate "2017.??.??"]
[EventCountry "AZE"]
[Source "ChessBase"]

1. Nf3 Nf6 2. c4 g6 3. Nc3 d5 4. cxd5 Nxd5 5. Qb3 Nb6 6. d4 Bg7 7. e4 Bg4 8.
Bb5+ c6 9. Ng5 O-O (9... cxb5 10. Qxf7+ Kd7 11. Qxg7 $18) 10. Be2 Bxe2 11. Nxe2
Na6 12. Qh3 h6 13. Nf3 h5 14. Rg1 Nb4 15. g4 Qd7 16. Qh4 $1 {<< Une surprise,
et je pense qu'après les Blancs ont un gros avantage. >> Mamedyarov} Nc2+ $6 (
16... hxg4 $6 17. Rxg4 (17. Ng5 $1 Rfd8 18. Rxg4 $16 {[%csl Yf7,Yg8][%cal
Yh4h7,Yg4f4,Yf4f7]}) 17... Rfd8 18. Kf1 e5 $2 19. Bd2 $6 (19. Bh6 $1) 19... Nd3
20. b3 exd4 21. Ng5 c5 22. Nf4 Ne5 $2 23. Qh7+ Kf8 24. Nfe6+ $1 fxe6 25. Rf4+
Ke7 26. Qxg7+ Kd6 27. Rf7 Qb5+ 28. Kg1 {1-0 (28) Lupulescu,C (2634)-Nedilko,V 
(2396) Legnica 2013}) 17. Kf1 $1 (17. Kd1 $2 Nxd4 $19) 17... Nxd4 (17... Nxa1
18. gxh5 Bf6 19. Bg5 Bg7 20. h6 $1 $18 Bf6 21. h7+ Kh8 22. Bxf6+ exf6 23. Ng3
Qd6 24. Nf5 $1 Qe6 25. Qh6 $18) 18. Nexd4 Bxd4 19. gxh5 Bf6 20. Bg5 Bxb2 21.
Re1 Qd3+ 22. Kg2 f6 23. Bh6 g5 24. Nxg5 $1 (24. Bxg5 fxg5 25. Qxg5+ Bg7 26. Ne5
Qd6 27. Kh1 Qf6 28. h6 Qxg5 29. Rxg5 Rf6 30. Rxg7+ Kh8 31. Reg1 Rd8 32. Nf7+
Rxf7 33. Rxf7 $18) 24... Rf7 (24... fxg5 $2 25. Qxg5+ Kh8 26. Bxf8 $18) 25.
Nxf7 Kxf7 26. Re3 (26. Be3 $1 {[%csl Yb2,Yb6,Yf7,Gh5][%cal Yh5h6,Yh6h7,Yh7h8,
Yg2h1,Yg1g8,Yh4h5,Yh5f7]}) 26... Qc2 {[%csl Gh5]} (26... Rg8+ 27. Rg3 Rxg3+ 28.
Qxg3 Qxe4+ 29. Kh3 Qe6+ 30. Kh4 Ke8 31. Qg8+ Kd7 32. Qxe6+ Kxe6 33. Bg7 $18 {
[%cal Yh5h6,Yh6h7,Yh7h8]}) 27. Rg3 Bd4 28. Rg7+ Ke6 29. Qg4+ Kd6 30. Be3 Bxe3
31. Qg3+ (31. Qg3+ Kd7 32. Qxe3 $18) 1-0

[Event "XXIV RUS-chT Premier 2017"]
[Site "Sochi"]
[Date "2017.05.05"]
[Round "4"]
[White "Najer, Evgeniy"]
[Black "Mamedyarov, Shakhriyar"]
[Result "0-1"]
[WhiteElo "2679"]
[BlackElo "2772"]
[Annotator "Sylvain Ravot"]
[PlyCount "66"]
[EventDate "2017.??.??"]
[EventType "tourn"]
[EventCountry "RUS"]
[Source "ChessBase"]

1. d4 Nf6 2. c4 g6 3. f3 {Anti-Grunfeld.} c5 {Oriente vers une défense Benoni.}
(3... d5 4. cxd5 Nxd5 5. e4 Nb6 6. Nc3 Bg7 7. Be3 O-O 8. Qd2 Nc6 9. O-O-O {et
la théorie continue}) (3... Bg7 4. e4 d6 5. Nc3 {Variante Saemisch de
l'Est-Indienne.}) (3... e6 $5 {un coup rare essayé par MVL.}) 4. d5 Bg7 5. e4
d6 6. Nc3 O-O 7. Bg5 h6 8. Be3 {Les Blancs considèrent que h6 peut être un
affaiblissement. C'ets vrai si les Noirs jouent f5.} e6 9. Qd2 exd5 10. cxd5
Nh7 $5 {Un coup rare. Mamedyarov ne cache pas son intention de jouer avec f5.}
({On rencontre plus souvent} 10... h5) ({ou} 10... Re8 {car si} 11. Bxh6 $2
Nxe4 $1 12. fxe4 Qh4+) 11. Bd3 (11. Bxh6 $4 Qh4+ {est une autre idée de Ch7.})
11... Nd7 12. Nh3 {Pour Cf2.} ({Possible est} 12. Nge2 Ne5 13. O-O) 12... Ne5
13. Nf2 f5 $5 {En avant !} 14. Be2 {Menace finalement Fxh6.} (14. O-O Nxd3 15.
Qxd3 Ng5 $11) ({toujours pas} 14. Bxh6 $4 Nxd3+) 14... g5 $5 {Quel est
l'inconvénient positionnel principal de ce coup ?} (14... Nf7 {solide mais pas
le style du joueur azéri.}) 15. exf5 $1 {Gagne la case e4.} Bxf5 16. h4 $1 {
Najer joue le meilleur coup. Sa Th1 va participer.} b5 $5 {Et Mamedyarov met
le feu ! Ce coup est assez thématique de ces positions de Benoni, encore
faut-il réussir à le faire fonctionner.} 17. hxg5 hxg5 (17... Nxg5 $2 18. f4 {
oups}) 18. Nxb5 (18. Bxb5 Rb8 {Menace Txb5 Cxb5 Cc4 !} 19. Be2 {transpose.} (
19. a3 $2 Rxb5 $1 20. Nxb5 Nc4 21. Qe2 Qa5+ $17)) (18. Rc1 $5 {ne pas prendre
b5 méritait intérêt.} a6 {mais le joueur de Benoni qui a réussi b5 est
toujours content.}) 18... Rb8 {Les Noirs indiquent que b5 était un sacrifice
purement positionnel.} 19. Nc3 (19. Nxa7 $2 Rxb2 $1 $19 {oups !} 20. Qc1 Qa5+
21. Kf1 Qxa7 22. Qxb2 Ng4 23. Qc1 Nxe3+ 24. Qxe3 Bxa1) (19. O-O $5 Rb7 $5 {et
il est certain que Mamedyarov va attaquer le roque.}) 19... Qe8 {Faisons le
point sur la position. Le module n'est pas fan de la position noire, il donne
+1. Mais ce n'est pas étonnant, il y a un pion de plus pour les Blancs et le
Roi noir n'a plus vraiment d'abri de pions. Le module ne voit rien de grave
qui arrive prochainement sur les Blancs dont il donne une bonne évaluation. La
vérité pratique est différente. La pendule tourne et Najer doit décider où
abriter son Roi. Rester en e1 ? Rf1 ? 0-0 ? Ce n'est pas simple. Dans tous les
cas Mamedyarov est en position de déclencher des attaques. C'est inconfortable
à jouer.} 20. Rc1 {Utile.} ({Evidemment pas} 20. Bxg5 $2 Nxg5 21. Qxg5 Rxb2 $17
{Les cases noires sont très faibles.}) 20... c4 $5 {Encore un coup peut-être
douteux d'un point de vue théorique mais fort en pratique. Qui irait prendre
le pion a7, et encore plus face à Mamedyarov ?} 21. O-O {Najer considère que
c'est son meilleur abri.} (21. Bxa7 $6 Rb7 22. Be3 Nf6 23. Kd1 {est le choix
du module. Difficile de croire que le Roi blanc sera longtemps en sécurité ici.
} (23. Bxg5 $2 Nd3+ 24. Nxd3 cxd3 $17) 23... Qg6 (23... g4 $5)) (21. Kf1 $5 {
mérite l'intérêt, pour garder la Th1 sur la colonne ouverte. Même si on
imagine bien que Mamedyarov allait chercher à ouvrir sur le Roi.} g4 (21...
Nxf3 $5 {est déjà proposé par le module !} 22. gxf3 Rxb2 23. Qxb2 Qxe3 24. Ke1
Bd4 25. Rf1 g4 26. fxg4 Bg6 27. Qd2 {et les Blancs semblent survivre.}) 22. f4
Nd3 23. Nxd3 cxd3 24. Bxd3 Rxb2 $1 25. Bxf5 $1 (25. Qxb2 $2 Bxd3+ 26. Kf2 g3+
27. Kf3 Ng5+) 25... Rxf5 $1 (25... Rxd2 $2 26. Bxh7+ Kf7 27. Bxd2 $18) 26. Qd3
$13) 21... Qh5 $1 {Mamedyarov sent l'odeur du sang ! Il ne craint pas la
fourchette.} 22. g4 $6 {Tend le bâton pour se faire battre.} (22. Nfe4 $13) (
22. f4 Ng4 23. Bxg4 Bxg4 24. Nxg4 Qxg4 25. Nd1 $1 gxf4 26. Bxf4 Rxb2 $1 27.
Nxb2 c3 28. Rxc3 $5 Bxc3 29. Qxc3 Rxf4 30. Rxf4 Qxf4 31. Nc4 Nf6 $11 {et c'est
probablement nulle.}) 22... Qh4 23. Kg2 {Naturel mais... Que jouer ?} (23. Nce4
Bxe4 24. Nxe4 Rxb2 $17) (23. gxf5 $2 Qg3+ 24. Kh1 Rf6 {et mat à suivre}) 23...
Nxf3 $3 {Boum ! Mamedyarov veut démanteler le roque des Blancs.} (23... Bg6 $4
24. Rh1 $18) 24. Bxf3 Be5 {Menace Dh2#} 25. Rh1 (25. Nh3 Qg3+ 26. Kh1 Qxh3+ 27.
Kg1 Bxg4 $19) 25... Qg3+ 26. Kf1 Bd3+ $1 27. Be2 {Forcé. Que jouer ?} (27. Nxd3
Qxf3+ 28. Nf2 Qxh1+) 27... Rxb2 $1 {Et boum ! La totale ! Déviation de la Dame
pour faire Dxe3.} 28. Qxb2 Qxe3 {Menace mat.} 29. Bxd3 cxd3 {Un coup très
calme ! Mamedyarov joue avec une Tour de moins mais ça ne l'inquiète pas ! Il
a compris que son attaque est gagnante et que la position blanche est en
ruines. Les menaces sont d2 et Txf2+.} 30. Rc2 {Najer n'a rien trouvé de mieux,
car il n'y a rien de mieux !} (30. Re1 Qf3 31. Kg1 Bxc3 $19 (31... Qg3+ 32. Kf1
Bxc3 $19)) 30... dxc2 31. Qxc2 {Que jouer ?} Rxf2+ {Celui-ci était facile par
contre !} 32. Qxf2 Qxc3 33. Kg2 Qc4 {Najer abandonne à juste titre. Les Noirs
ont déjà 2 pièces pour la Tour, les pions blancs risquent de tomber les uns
après les autres, et le Ch7, spectateur jusque-là, pourrait venir s'en prendre
au Roi blanc avec les autres pièces. Une fantastique partie d'attaque de
Mamedyarov, qui obtient son meilleur classement : 2793.} 0-1

[Event "79th Tata Steel Chess 2017-Masters"]
[Site "Haarlem"]
[Date "2017.01.25"]
[Round "10"]
[White "Aronian, Levon"]
[Black "Rapport, Richard"]
[Result "1-0"]
[WhiteElo "2780"]
[BlackElo "2702"]
[Annotator "EE"]
[PlyCount "55"]
[EventDate "2017.??.??"]
[EventCountry "NED"]
[Source "ChessBase"]

1. d4 Nf6 2. c4 e6 3. Nf3 b6 4. g3 Bb7 5. Bg2 Be7 6. O-O O-O 7. Nc3 Ne4 8. Bd2
Bf6 9. Be1 Re8 10. Qc2 d5 11. Nxe4 dxe4 12. Nd2 Bxd4 13. Rd1 Qc8 14. Nxe4 Bc5 {
[%csl Ya8,Yb8]} 15. Ng5 {[%csl Yg8,Rh7][%cal Yc2h7]} f5 16. Bxb7 Qxb7 17. Bc3 {
[%csl Ye6,Yf5,Yg8] La position blanche est déjà clairement favorable.} Bf8 18.
e4 $5 h6 19. exf5 $3 {[%csl Yb7,Rg5][%cal Ge4f5,Yh6g5,Yf5f6,Yc2g6] Un coup de
semonce, l'attaque blanche est lancée !} hxg5 20. f6 {[%csl Yb7,Yg8][%cal
Rb7h7]} c5 $2 {Mais il y avait-il une défense ?} (20... c6 21. f4 g4 22. fxg7
Bc5+ 23. Kh1 {[%csl Gh1][%cal Rc6c5,Yb7h1]} Bb4 {[%cal Yc6c5]} 24. f5 c5+ 25.
Kg1 Bxc3 26. f6 $3 $18) 21. f4 $3 $18 g4 22. f5 $1 {[%csl Ya8,Yb8,Yg8][%cal
Yc3h8,Yc2h7,Yf1f8,Yd1d8] Levon Aronian est en train de balayer son adversaire
à coups de pions !} gxf6 23. fxe6 Qh7 24. Qg2 {[%csl Ra8,Rf6][%cal Yg2a8,Yf1f6]
} Na6 25. Rd7 Qh5 26. Rxf6 Rad8 27. Rxf8+ Kxf8 28. Qf1+ {C'est mat ! Une
superbe partie !} (28. Qf1+ Kg8 29. Rg7+ Kh8 30. Rg5+ Rd4 31. Qf6+ Kh7 32. Qg7#
) 1-0